| 000 | 00659nam a2200289Ia 4500 | ||
|---|---|---|---|
| 005 | 20260324145023.0 | ||
| 008 | 008 260324s9999 xx 000 0 eng d | ||
| 020 | _a9781315668789 | ||
| 037 | _aEBOOK | ||
| 040 | _aCRL | ||
| 040 | _beng | ||
| 040 | _cCRL | ||
| 041 | _2eng | ||
| 041 | _aeng | ||
| 084 | _qCRL | ||
| 100 |
_aSteven H. Gale _91215368 |
||
| 245 | 0 | _aS. J. Perelman | |
| 245 | 3 | _bAn Annotated Bibliography | |
| 260 | _bTaylor and Francis | ||
| 260 | _c1985 | ||
| 365 | _a | ||
| 365 | _b115 | ||
| 856 | _uhttp://www.taylorfrancis.com/books/9781315668789 | ||
| 942 | _cEBOOK | ||
| 999 |
_c1828812 _d1828812 |
||